Egyptian Mythology - Sudden Death - Statistics

General Stats
  • This quiz has been taken 143 times
  • The average score is 7 of 13
Answers on the Grid
Answers color-coded by a green-red scale on the quiz's grid according to % correct below.
Hapi
Khnum
Odin
Juno
Hel
Ammit
Maat
Amaterasu
Amun
Asclepius
Mnevis
Ptah
Wadjet
Bragi
Liber
Sebek
Hathor
Lucretia
Buchis
Apopis
Isis
Tellus
Heimdall
Ebisu
 
Answer Stats
Answer % Correct
Isis
83%
Amun
75%
Ammit
63%
Maat
63%
Ptah
61%
Khnum
57%
Sebek
55%
Hathor
50%
Hapi
47%
Apopis
41%
Wadjet
35%
Mnevis
16%
Buchis
8%
No matching quizzes found
Score Distribution
Percent of People with Each Score
Percentile by Number Answered
Your Score History
You have not taken this quiz